载入...
Understanding Environmental Issues
| 主要作者: | |
|---|---|
| 其他作者: | |
| 格式: | Printed Book |
| 出版: |
New Delhi
Sage Publications
2008
|
| 版: | 1st |
| 主题: |
| LEADER | 00552nam a22001817a 4500 | ||
|---|---|---|---|
| 003 | OSt | ||
| 020 | |a 9780761942368 | ||
| 082 | |a 333.7 |b BUC/UN | ||
| 100 | |a Susan Buckingham | ||
| 245 | |a Understanding Environmental Issues | ||
| 250 | |a 1st | ||
| 260 | |a New Delhi |b Sage Publications |c 2008 | ||
| 300 | |a 274 | ||
| 650 | |a Global Climate Change | ||
| 700 | |a Mike Turner | ||
| 942 | |2 ddc |c BK | ||
| 999 | |c 188803 |d 188803 | ||
| 952 | |0 0 |1 0 |2 ddc |4 0 |6 333_700000000000000_BUC_UN |7 1 |8 REF |9 194949 |a KAUCBV |b KAUCBV |c REF |d 2015-03-16 |g 0.00 |o 333.7 BUC/UN |r 2015-03-16 |w 2015-03-16 |y BK | ||